000 00961nam a2200277Ia 4500
003 OSt
005 20220930092739.0
006 a|||||r|||| 00| 0
007 ta
008 220926b |||||||| |||| 00| 0 eng d
024 _a24300
037 _cTheses
040 _aCRL
_cCRL
_beng
041 _2eng
_aeng
100 _aJain Nimisha
_9544337
110 _aUniversity OF Delhi. Faculty OF Medical Sciences. Department OF General Medicine
_9544737
245 0 _aStudy of mineral metabolism and thyroid functions in HIV patients
260 _c2014
650 _aMEDICINE
700 _a Dr. Anju Jain Gu.
_9532951
700 _a Dr. M. K. Bhatnagar Gu.
_9536072
700 _a Dr. Sachin Kumar Jain Gu.
_9536866
700 _aUniversity OF Delhi. Faculty OF Medical Sciences. Department OF General Medicine
_9544739
942 _cDIS
_2CC
999 _c884237
_d884237